Animal Expressions II Quiz Stats

Quiz Updated Nov 7, 2014

Also try: Animal Expressions
Challenge
Share
Tweet
Embed
Score 0/30 Timer 05:00
10 Plays Today
Expression Animal % Correct
Like a ___ out of waterFish
99.3%
Curiosity killed the ___Cat
99.1%
Wouldn't hurt a ___Fly
93.5%
Book___Worm
92.7%
Blind as a ___Bat
92.6%
___ in the stomachButterflies
91.4%
The ___ in the roomElephant
89.8%
Snug as a ___ in a rugBug
88.4%
Like a ___ in a china shopBull
87.6%
I smell a ___Rat
86.6%
Eager ___Beaver
86.2%
Watching like a ___Hawk
86.1%
Don't look a gift ___ in the mouthHorse
86%
A ___ in the hand is worth two in the bushBird
85.9%
The world is my ___Oyster
84.8%
Expression Animal % Correct
Till the ___ come homeCows
84.6%
Let sleeping ___ lieDogs
82.2%
More fun than a barrel of ___Monkeys
81.2%
Dust ___Bunny
80.6%
Put all your ___ in a rowDucks
78.6%
___ outChicken
78.6%
Your ___ is cookedGoose
73.2%
Happy as a ___Clam
68.3%
Get his ___Goat
68.1%
Proud as a ___Peacock
58.6%
To go whole ___Hog
56.7%
Eating ___Crow
54.2%
Kneehigh to a ___Grasshopper
49.5%
You can't make a silk purse out of a ___'s earSow
48.9%
___ awaySquirrel
46.5%

You're not logged in!

Compare scores with friends on all Sporcle quizzes.
Sign Up with Email
OR
Log In

You Might Also Like...

Show Comments

Extras

Top Quizzes Today


Score Distribution

Your Account Isn't Verified!

In order to create a playlist on Sporcle, you need to verify the email address you used during registration. Go to your Sporcle Settings to finish the process.